Odhaľovanie falzifikátov peňazí Medzinárodný seminár
Medzinárodný seminár Odhaľovanie falzifikátov peňazí zorganizovala NBS Bratislava 26.-30.6.1995. Výmena skúseností v oblasti boja proti falšovaniu peňazí. Situácia vo vývoji počtu zadržaných falzifikátov peňazí na Slovensku.
Guardado en:
| Autor principal: | |
|---|---|
| Formato: | Capítulo de libro |
| Lenguaje: | eslovaco |
| Materias: | |
| Etiquetas: |
Sin Etiquetas, Sea el primero en etiquetar este registro!
|
MARC
| LEADER | 00000naa a2200000 4500 | ||
|---|---|---|---|
| 001 | r017608 | ||
| 005 | 20221205101340.3 | ||
| 041 | 0 | |a slo | |
| 044 | |a SK | ||
| 245 | 1 | 0 | |a Odhaľovanie falzifikátov peňazí |b Medzinárodný seminár |c B. Porošin |
| 520 | |a Medzinárodný seminár Odhaľovanie falzifikátov peňazí zorganizovala NBS Bratislava 26.-30.6.1995. Výmena skúseností v oblasti boja proti falšovaniu peňazí. Situácia vo vývoji počtu zadržaných falzifikátov peňazí na Slovensku. | ||
| 610 | 2 | 0 | |a peniaze |
| 610 | 2 | 0 | |a bankovky |
| 610 | 2 | 0 | |a falzifikáty |
| 610 | 2 | 0 | |a kriminalita |
| 610 | 2 | 0 | |a semináre |
| 610 | 2 | 0 | |a 1995 |
| 610 | 2 | 0 | |a Bratislava |
| 610 | 2 | 0 | |a Slovensko |
| 610 | 2 | 0 | |a NBS Bratislava |
| 100 | 1 | |a Porošin, B. | |